04100cam a22003614i 4500003000900000005001700009008004100026035001900067040003300086082001900119100003000138245005200168250000500220264006000225300002800285336002100313337002500334338002300359504002800382505320900410526001003619526001003629526001003639526001003649526000803659526000803667526000803675526000803683526000803691526000803699526000803707650002303715PE-LiUPU20250731173126.0150623s r 000 0 d a(Sirsi) a25944 aPE-LiUPUbspacPE-LiUPUerda04a241.5bJ672211 aJohnsen, Carsten,eautor.10aGod, the situation ethicist /cCarsten Johnsen. b 1aMezien, France :bThe Untold Story Publishers,c[197.]. a191 páginas ;c22 cm. atext2rdacontent aunmediated2rdamedia avolume2rdacarrier aIncluye bibliografía.0 aMan-The"autonomous one". What is the color of a lie?. Coming to close quarters in the ethics battle. What light does the New Testament concept of metanoia shed upon the crucial question: what makes human actions good or evil?. Is the liberal existentialist a representative of a "finer ethics"?. The stupendous logical consequence of realizing what God's laws actually represent according to the deepest ethical axioms of radical christian realism. Where the casuist comes short, how much does the situationist really know about the situation". An informative experiment of thought: suppose certain of the Bible's outstanding characters of faith had revealed themselves as enthusiastic fans of the new morality?. Eve, the first situation ethicist on this earth. What if Job had been and unbending situation ethics man?. Even noble biblical patriarchs may at times yield to the temptation of adopting a situationist standpoint. The Bible does not gloss over the fact. But what now, if the choice of such radical obedience means instant death?. The question that should be asked and the one that should not in order to find the way of correct actions in life. What comes first in man's life: his relationship to God or his relationship to his neghbor?. Preparing for an all-out war against situationism. "Sacrificial adultery". A remarkable "reductio ad absurdum" in situation ethics. Conclusion of the "love" story. Was the prophet Daniel a stickler to principles in the derogatory sense of that term?. Does the problem of knowledge (epistemology) inevitably turn into a problem of ethics and moral responsibility?. Do some suffer from bad temper and fits of outrage against neighbors "exactly like others suffer from an attack of scarlet fever"?. A warning against pulling the lions' tail when you get into the lions' den. Is sin in all respects "just another illness"?. The new spectacular revolution in american Psychiatry. Remarkable anti-Hazard trends in the ethics of christian realism. A fair analysis of the case at hand. Your chance of winning-versus the lottery's chance. Is chance play with money morally defensible?. There is always a chance that we might win if we gamble. Can we take that risk?. Is money a real value?. The work and the wages-which is the means and which is the end?. Lot casting in your personal life and in that of the church. A farcical account inspired by modern situation ethics. An outspoken dialogue between reader and writer.A frustrated listener demands arguments right to the point. The bible's view of when human life stars functioning in a fully acceptable way. The historical dramas of entire nations have begun already there-deep down in the obscure recesses of the mother's womb. The mother's destiny intimatel joined to that of the sprouting child and still they are separate individuals. General conclusion. Postscript. The ambiguous case of public debating parades. Who are the real teachers of a pitiless brand of ethics?. Is the non-believer excluded from realizing a genuine pattern of heartfelt goodness in ethical acts?. A plausible explanation fully sufficient to account for the strange fact that true goodness still exists on earth. Summa Summarum. aSEG42 aSEG41 aSEG40 aSEG39 aP94 aP87 aP86 aP85 aP77 aP76 aP3504aÉtica cristiana.